Normal view
MARC view
- ENGLISH LANGUAGE -- VERB PHRASE -- DICTIONARIES -- English language -- Verb phrase -- Dictionaries -- Arabic
Entry Topical Term
001 - CONTROL NUMBER
- control field: 2810
003 - CONTROL NUMBER IDENTIFIER
- control field: JO-AjAnu
005 - DATE AND TIME OF LATEST TRANSACTION
- control field: 20230606070750.0
008 - FIXED-LENGTH DATA ELEMENTS
- fixed length control field: 230606|| aca||aabn | a|a d
040 ## - CATALOGING SOURCE
- Original cataloging agency: JO-AjAnu
- Transcribing agency: JO-AjAnu
150 ## - HEADING--TOPICAL TERM
- Topical term or geographic name entry element: ENGLISH LANGUAGE -- VERB PHRASE -- DICTIONARIES -- English language -- Verb phrase -- Dictionaries -- Arabic
670 ## - SOURCE DATA FOUND
- Source citation: Work cat.: (JO-AjAnu)1472: McArthur, Tom, Beryl Atkins, author 2809, York Dictionary of phrasal verbs and their idioms